[Event "Zhukovsky Winter op"]
[Site "Zhukovsky"]
[Date "2014.??.??"]
[Round "4"]
[White "Batalov, Anatoliy"]
[Black "Nagiev, Tapdyg"]
[Result "1/2-1/2"]
[WhiteElo "1298"]
[BlackElo "1758"]
[PlyCount "86"]
[EventDate "2014.11.22"]
[EventType "swiss"]
[EventRounds "9"]
[EventCountry "RUS"]
[SourceTitle "EXT 2016"]
[Source "ChessBase"]
[SourceDate "2015.10.08"]
[SourceVersion "1"]
[SourceVersionDate "2015.10.08"]
[SourceQuality "1"]

1. c4 Nf6 2. Nc3 g6 3. e3 Bg7 4. Nf3 0-0 5. d4 d5 6. Be2 Nc6 7. 0-0 Re8 8. cxd5 Nxd5 9. Nxd5 Qxd5 10. Qc2 Bf5 11. Qc3 e5 12. Bc4 Qd6 13. dxe5 Bxe5 14. Qb3 Nd8 15. Rd1 Qf6 16. a3 Be4 17. Bd5 Bxd5 18. Rxd5 c6 19. Rd1 Rb8 20. Nxe5 Qxe5 21. Bd2 Qe6 22. Qxe6 Nxe6 23. Bc3 Nc5 24. Bd4 Nb3 25. Rab1 Nxd4 26. Rxd4 Rbd8 27. Rbd1 Rxd4 28. Rxd4 Re7 29. Kf1 Kg7 30. Ke2 Kf6 31. Kd3 Ke6 32. Re4+ Kd6 33. Rxe7 Kxe7 34. Kd4 Kd6 35. h3 b6 36. b4 a6 37. a4 f6 38. g3 Ke6 39. h4 h5 40. f3 g5 41. e4 Kd6 42. f4 g4 43. Kc4 Ke6 1/2-1/2